আধুনিক রাজনৈতিক চিন্তাধারা = Modern political thought / (Record no. 75078)
[ view plain ]
| 000 -LEADER | |
|---|---|
| fixed length control field | 00868nam a22002537a 4500 |
| 001 - CONTROL NUMBER | |
| control field | 75078 |
| 003 - CONTROL NUMBER IDENTIFIER | |
| rucl marc code | BD-RjUL |
| 005 - DATE AND TIME OF LATEST TRANSACTION | |
| control field | 20211209082636.0 |
| 008 - FIXED-LENGTH DATA ELEMENTS--GENERAL INFORMATION | |
| fixed length control field | 190117s2017 bg ||||| |||| 00| 0 ben d |
| 020 ## - INTERNATIONAL STANDARD BOOK NUMBER | |
| International Standard Book Number | 9789849183020 |
| 035 ## - SYSTEM CONTROL NUMBER | |
| System control number | (BD-RjUL)75296 |
| 040 ## - CATALOGING SOURCE | |
| Original cataloging agency | BD-RjUL |
| Language of cataloging | eng |
| Transcribing agency | BD-RjUL |
| 041 ## - LANGUAGE CODE | |
| Language code of text/sound track or separate title | eng |
| 082 ## - DEWEY DECIMAL CLASSIFICATION NUMBER | |
| Edition number | 23 |
| Classification number | 320.1 |
| Author mark and year | NAM 2017 |
| 100 ## - MAIN ENTRY--PERSONAL NAME | |
| Personal name | নাথ, বিপুল রঞ্জন. |
| 9 (RLIN) | 227142 |
| 245 ## - TITLE STATEMENT | |
| Title | আধুনিক রাজনৈতিক চিন্তাধারা = Modern political thought / |
| Statement of responsibility, etc. | বিপুল রঞ্জন নাথ |
| 250 ## - EDITION STATEMENT | |
| Edition statement | ২য় সং. |
| 260 ## - PUBLICATION, DISTRIBUTION, ETC. (IMPRINT) | |
| Place of publication, distribution, etc. | ঢাকা : |
| Name of publisher, distributor, etc. | বুক সোসাইটি, |
| Date of publication, distribution, etc. | ২০১৭ |
| 300 ## - PHYSICAL DESCRIPTION | |
| Pagination | ৪৪৮ পৃ. ; |
| Size | ২২ সেমি. |
| 650 ## - SUBJECT ADDED ENTRY--TOPICAL TERM | |
| Topical term or geographic name as entry element | State, The |
| 9 (RLIN) | 227036 |
| Topical term or geographic name as entry element | Democracy. |
| 9 (RLIN) | 227037 |
| Topical term or geographic name as entry element | Political science |
| 9 (RLIN) | 227038 |
| 942 ## - ADDED ENTRY ELEMENTS (KOHA) | |
| Source of classification or shelving scheme | Dewey Decimal Classification |
| Koha item type | Books |
| Lost status | Source of classification or shelving scheme | Damaged status | Not for loan | Collection code | Permanent Location | Current Location | Shelving location | Date acquired | Source of acquisition | Cost, normal purchase price | Total Checkouts | Full call number | Date last seen | Copy number | Koha item type |
|---|---|---|---|---|---|---|---|---|---|---|---|---|---|---|---|
| Dewey Decimal Classification | Not For Loan | Non-fiction | Central Library, University of Rajshahi | Central Library, University of Rajshahi | Reading Room | 18/11/2018 | Author | 375.00 | B 320.1 NAM 2017 | 17/01/2019 | C-1 | Books |